00462nam a2200121Ia 4500008004100000041000800041245018900049260000900238300001900247500003200266003000900298040003300307180921t1892 xxu||||| ||||o00| 0 eng d aeng aPapers Laid Before The Legislative Council of Ceylon During The Session of 1892 : Jaffna Railway Survey.Report Upon The Visit of Inspection To The Country Between Kurunegala And Jffna. c1892 ap.85-90, 33 cm aSessional Paper xxxiii-1892LK-CoDNM aLK-CoDNMdLK-CoDNMeLK-CoDNM